000 01818nam2a2200265 4500
001 rc\3034240
005 20260315065234.0
035 _a(NLR Aleph) 007174959
090 _a13621564
_c13621564
100 _a20111003d1933 u y0rusy50 ca
101 0 _arus
105 _aa z |||||
200 1 _aЧасти зданий
_hЧ. 1
_fПод общ. ред.: В.И. Вельман (гл. ред.), проф. Б.Н. Добровольского, инж. Н.С. Дюрнбаум ... [и др.]
_gПод ред. инж. Н.С. Дюрнбаум
210 _cГосстройиздат
_d1933
_eМосква
_g1 журн. тип. Онти
215 _aПереплет, 420, VII с., 3 с. объявл.
_cил.
_d23×15 см
320 _aБиблиогр.: "Литература" в конце отд. статей
461 0 _1001rc\3034236
_12001#$aСтроительная индустрия$eСправочное руководство по гражд. и пром. строительству в 17 томах$fПод общ. ред.: В.И. Вельман (гл. ред.), проф. П.С. Белова, инж. Б.П. Горбушина ... [и др.]$vТ. 6
_97383960
_cМосква
_d1933-1937
_fПод общ. ред.: В.И. Вельман (гл. ред.), проф. П.С. Белова, инж. Б.П. Горбушина ... [и др.]
_nОНТИ. Гл. ред. строит. лит.
_oСправочное руководство по гражд. и пром. строительству в 17 томах
_tСтроительная индустрия
_vТ. 6
702 1 _aВельман
_bВ.И.
_4340
702 1 _aДобровольский
_bБ.Н.
_4340
702 1 _aДюрнбаум
_bН.С.
_4340
801 0 _aRU
_bNLR
_gpsbo
801 1 _aRU
_bELAR
_2rusmarc
852 _aNLR
_j33-18/126(6)
942 _cUNSPEC
980 _aNB